00270nam a22001097a 4500008004100000020001500041082001700056245004300073260002600116300000900142440000900151230621b xxu||||| |||| 00| 0 eng d a0714651559 a328.052bJLS aThe Journal of the legislative studies bFrank CASS & Coc2001 a116p n1v8